Countries with Highest Population Growth Rate - Statistics

General Stats
  • This quiz has been taken 26 times
  • The average score is 15 of 20
Answer Stats
Growth Rate Country % Correct
3.75% Niger
100%
2.99% Angola
92%
2.62% Burundi
92%
2.70% Uganda
92%
3.06% Mali
88%
2.78% Mozambique
88%
3.05% Chad
85%
3.23% Democratic Republic of the Congo
85%
2.88% Tanzania
85%
2.70% Zambia
81%
2.63% Afghanistan
77%
2.58% Malawi
77%
3.05% Somalia
77%
2.57% Cameroon
73%
3.01% Central African Republic
73%
2.67% Mauritania
73%
2.54% Senegal
69%
2.64% Benin
65%
4.56% Syria
50%
2.73% Ukraine
12%
No matching quizzes found
Score Distribution
Percent of People with Each Score
Percentile by Number Answered
Your Score History
You have not taken this quiz